Introducción a la economía : un enfoque estructuralista /

El trato analítico adoptado se distingue por la ausencia no sólo de las categorías microeconómicas convencionales, sino también por la forma como es manejado el instrumental microeconómico disponible en la teoría económica. Los autores logran dar al lector una visión de la “anatomía” del sistema eco...

Full description

Bibliographic Details
Main Author: Castro, Antônio Barros de
Other Authors: Lessa, Carlos Francisco
Format: Libro
Language:Spanish
Published: México Siglo Veintiuno 1986
Subjects:
Online Access:

MARC

LEADER 00000cam a2200000 a 4500
001 008598
003 UAHC_CL
005 20170803120454.0
008 010822b1986 mx 000 spa
020 |a 9682301343 
040 |a UAHC_CL  |c UAHC_CL  |d UAHC_CL 
100 1 |a Castro, Antônio Barros de 
245 1 0 |a Introducción a la economía :  |b un enfoque estructuralista /  |c Antonio Barros de Castro, Carlos Francisco Lessa. 
260 |a México  |c 1986  |b Siglo Veintiuno 
300 |a 164 p. 
520 |a El trato analítico adoptado se distingue por la ausencia no sólo de las categorías microeconómicas convencionales, sino también por la forma como es manejado el instrumental microeconómico disponible en la teoría económica. Los autores logran dar al lector una visión de la “anatomía” del sistema económico, tomando en cuenta las diferencias causadas por su estadio de desarrollo. 
521 |a Economía 
521 |a Economía y sociedad 
650 4 |a ECONOMIA 
653 |a INGENIERIA DE EJECUCION EN GESTION AMBIENTAL 
658 |a Trautmann, María Luz 
658 |a González, Raúl 
700 1 |a Lessa, Carlos Francisco 
900 |a 330 CAS 
942 |c BK 
952 |0 0  |1 0  |4 0  |6 330_000000000000000_CAS  |7 0  |8 General  |9 18258  |a BC  |b BC  |c General  |d 2017-08-03  |l 0  |o 330 CAS  |p 1366836  |r 2026-01-13 00:00:00  |t 1  |w 2017-08-03  |y BK 
952 |0 0  |1 0  |4 0  |6 330_000000000000000_CAS  |7 0  |8 General  |9 18259  |a BC  |b BC  |c General  |d 2017-08-03  |l 0  |o 330 CAS  |p 1308152  |r 2026-01-13 00:00:00  |t 2  |w 2017-08-03  |y BK 
952 |0 0  |1 0  |4 0  |6 330_000000000000000_CAS  |7 0  |8 General  |9 18260  |a BC  |b BC  |c General  |d 2017-08-03  |l 0  |o 330 CAS  |p 1351343  |r 2026-01-13 00:00:00  |t 3  |w 2017-08-03  |y BK 
952 |0 0  |1 0  |4 0  |6 330_000000000000000_CAS  |7 0  |8 General  |9 18261  |a BC  |b BC  |c General  |d 2017-08-03  |l 0  |o 330 CAS  |p 1356051  |r 2026-01-13 00:00:00  |t 4  |w 2017-08-03  |y BK 
952 |0 0  |1 0  |4 0  |6 330_000000000000000_CAS  |7 0  |8 General  |9 18262  |a BC  |b BC  |c General  |d 2017-08-03  |l 0  |o 330 CAS  |p 1335603  |r 2026-01-13 00:00:00  |t 5  |w 2017-08-03  |y BK 
952 |0 0  |1 0  |4 0  |6 330_000000000000000_CAS  |7 0  |8 General  |9 18263  |a BC  |b BC  |c General  |d 2017-08-03  |l 0  |o 330 CAS  |p 1314684  |q 2017-06-28  |r 2017-08-03 00:00:00  |t 6  |w 2017-08-03  |y BK 
952 |0 0  |1 0  |4 0  |6 330_000000000000000_CAS  |7 0  |8 General  |9 18264  |a BC  |b BC  |c General  |d 2017-08-03  |l 0  |o 330 CAS  |p 1353068  |r 2026-01-13 00:00:00  |t 7  |w 2017-08-03  |y BK 
952 |0 0  |1 0  |4 0  |6 330_000000000000000_CAS  |7 0  |8 General  |9 18265  |a BC  |b BC  |c General  |d 2017-08-03  |l 0  |o 330 CAS  |p 1353411  |r 2026-01-13 00:00:00  |t 8  |w 2017-08-03  |y BK 
952 |0 0  |1 0  |4 0  |6 330_000000000000000_CAS  |7 0  |8 General  |9 18266  |a BC  |b BC  |c General  |d 2017-08-03  |l 0  |o 330 CAS  |p 1356405  |q 2017-06-28  |r 2017-08-03 00:00:00  |t 9  |w 2017-08-03  |y BK 
999 |c 8598  |d 8598